000 01374cam a22003254a 4500
001 11997873
003 NUST-PNEC
005 20170116180737.0
008 000505s2000 inua 001 0 eng
010 _a 00104240
020 _a0672319462
020 _a8176354937
040 _aDLC
_cPNEC
_dDLC
042 _apcc
050 0 0 _aTK5105.5865
_b.F68 2000
082 0 0 _a005.72 FOR
_221
100 1 _aForta, Ben.
245 1 0 _aWAP development with WML and WMLScript /
_cBen Forta, with Keith D. Lauver ... [et al.].
260 _aIndianapolis, IN / New Delhi :
_bSAMS/ Techmedia
_cc2000.
300 _axv, 586 p. :
_bill. ;
_c23 cm.
500 _aIncludes index.
538 _aSystem requirements for the accompanying CD-ROM: Windows 95/98/NT.
650 0 _aWireless Application Protocol (Computer network protocol)
650 0 _aWML (Document markup language)
_xComputer, MIS
650 0 _aWMLScript (Computer program language)
856 _uhttp://www.amazon.com/WAP-Development-WML-WMLScript-CD-ROM/dp/0672319462/ref=sr_1_1?s=books&ie=UTF8&qid=1417074717&sr=1-1&keywords=WAP+DEVELOPMENT+WITH+WML
906 _a7
_bcbc
_corignew
_d2
_eepcn
_f20
_gy-gencatlg
942 _2ddc
_cBK
999 _c62008
_d62008